000 00588na a2200205 4500
001 22862
003 MIRAKIL
005 20181213155246.0
008 170228b tu 000 0
040 _aMilas
_btur
_cTR-AnCHP
041 _atur
082 _a332.605
_bS64s 2008
090 _a332.605 S64s 2008
110 _aSermaye Piyasası Kurulu (SPK)
245 _aSPK'da yapılan çalışmalar
_cSermaye Piyasası Kurulu
260 _aAnkara
_bSPK
_c2008
300 _a101 s.
_bgrf.
_c29 sm.
650 _aSermaye Piyasası Kurulu
_xÇalışma raporları
_zTürkiye
942 _2dcc
_cBKS
999 _c9442
_d9442